[Event "USCL Week 3"]
[Site "Internet Chess Club"]
[Date "2014.09.10"]
[Round "?"]
[White "Holt, Conrad"]
[Black "Paragua, Mark"]
[Result "1/2-1/2"]
[WhiteElo "2664"]
[BlackElo "2588"]
[PlyCount "88"]
[EventDate "2014.??.??"]

1. d4 Nf6 2. c4 g6 3. Nc3 d5 4. Nf3 Bg7 5. Qb3 dxc4 6. Qxc4 O-O 7. e4 Nc6 8. h3
Nd7 9. Be3 Nb6 10. Qc5 a5 11. O-O-O Nb4 12. a3 Nc6 13. Kb1 f5 14. d5 Ne5 15.
Nxe5 Bxe5 16. Nb5 fxe4 17. d6 Bxd6 18. Bc4+ Nxc4 19. Qxc4+ Rf7 20. h4 c6 21.
Nc3 Bf5 22. h5 b5 23. Qxc6 b4 24. hxg6 Bxg6 25. Nd5 Qc8 26. Qxc8+ Rxc8 27. axb4
axb4 28. Nb6 Rc6 29. Rc1 Rxc1+ 30. Kxc1 Rf8 31. Rd1 b3 32. Rd5 Rb8 33. Kd2 Rb7
34. Nc4 Rc7 35. Nxd6 Rc2+ 36. Ke1 exd6 37. Rxd6 Rxb2 38. Rd2 Ra2 39. Rxa2 bxa2
40. Bd4 Kf7 41. Kd2 Ke6 42. Bg7 Kd5 43. Ke3 h5 44. g3 Bf5 1/2-1/2

[Event "USCL Week 3"]
[Site "Internet Chess Club"]
[Date "2014.09.10"]
[Round "?"]
[White "Akobian, Varuzhan"]
[Black "Vovsha, Eli"]
[Result "1-0"]
[WhiteElo "2758"]
[BlackElo "2510"]
[PlyCount "89"]
[EventDate "2014.??.??"]

1. d4 d6 2. Nf3 Bg4 3. c4 Bxf3 4. exf3 Nd7 5. Nc3 g6 6. Be3 Bg7 7. Qd2 c6 8.
Bd3 Ngf6 9. O-O d5 10. cxd5 cxd5 11. Rfc1 O-O 12. Na4 a6 13. Qb4 b5 14. Nc5
Nxc5 15. dxc5 d4 16. Bd2 Nd5 17. Qb3 e6 18. a4 b4 19. a5 Qc7 20. c6 Ra7 21. g3
Rb8 22. Rc4 Rb5 23. Qa4 Qd6 24. c7 Nxc7 25. Bxb4 Qd8 26. Bc5 Rab7 27. Bb6 R5xb6
28. axb6 Rxb6 29. Rac1 Be5 30. f4 Bd6 31. Rxd4 Qf6 32. Rdc4 Nd5 33. Rc8+ Kg7
34. Qe8 Rxb2 35. Bxa6 Kh6 36. Qh8 Qxh8 37. Rxh8 Ba3 38. Re1 Bc5 39. Re2 Rb1+
40. Kg2 Kg7 41. Rc8 Ba7 42. Bc4 Nf6 43. Bxe6 Bb6 44. Ba2 Ra1 45. Rb8 1-0

[Event "USCL Week 3"]
[Site "Internet Chess Club"]
[Date "2014.09.10"]
[Round "?"]
[White "Shvartsman, Andrew"]
[Black "Sharevich, Anna"]
[Result "1-0"]
[WhiteElo "2432"]
[BlackElo "2367"]
[PlyCount "111"]
[EventDate "2014.??.??"]

1. e4 c5 2. Nf3 e6 3. d4 cxd4 4. Nxd4 a6 5. Bd3 Nf6 6. Nc3 Qc7 7. O-O Nc6 8.
Be3 b5 9. Nxc6 dxc6 10. Qe2 e5 11. f3 Be6 12. a4 b4 13. Nb1 a5 14. Nd2 Nd7 15.
Qf2 Be7 16. Bc4 Bxc4 17. Nxc4 O-O 18. Rad1 Ra6 19. Rd3 Nf6 20. Qg3 Nd7 21. Rfd1
Nc5 22. Bxc5 Bxc5+ 23. Kf1 Re8 24. Rd7 Qb8 25. Qg5 Ra8 26. Qf5 f6 27. Qg4 Re7
28. Rxe7 Bxe7 29. Qe6+ Kf8 30. Rd7 Qe8 31. Nb6 Rd8 32. Qxc6 g6 33. Rxd8 Qxd8
34. Nd5 Bd6 35. Qb7 Kg8 36. Qd7 Qf8 37. Ke2 f5 38. Qe6+ Kh8 39. Qf6+ Qxf6 40.
Nxf6 Be7 41. Nd7 Bd6 42. Kd3 Kg7 43. Kc4 Kf7 44. Kd5 Ke7 45. Nxe5 fxe4 46. fxe4
Bc7 47. Nc6+ Kd7 48. e5 h6 49. h3 h5 50. g4 hxg4 51. hxg4 g5 52. e6+ Ke8 53. c4
bxc3 54. bxc3 Kf8 55. Nd4 Ke8 56. c4 1-0

[Event "USCL Week 3"]
[Site "Internet Chess Club"]
[Date "2014.09.10"]
[Round "?"]
[White "Stripunsky, Alex"]
[Black "Perdomo, Carlos"]
[Result "1/2-1/2"]
[WhiteElo "2656"]
[BlackElo "2400"]
[PlyCount "200"]
[EventDate "2014.??.??"]

1. c4 e6 2. Nc3 c5 3. Nf3 Nf6 4. g3 b6 5. Bg2 Bb7 6. O-O Be7 7. b3 d5 8. cxd5
Nxd5 9. Nxd5 Bxd5 10. Bb2 O-O 11. Qc2 Na6 12. Bc3 Bf6 13. Rfd1 Rc8 14. Rac1 Nc7
15. Bxf6 Qxf6 16. e4 Bb7 17. d4 Nb5 18. e5 Qh6 19. dxc5 Bxf3 20. Bxf3 Rxc5 21.
Qb2 Nd4 22. Bg4 Qg5 23. f4 Qxg4 24. Rxd4 h5 25. b4 Rxc1+ 26. Qxc1 Qf3 27. Qc4
Qb7 28. Qd3 b5 29. Rd7 Qc6 30. Rd6 Qc1+ 31. Kg2 Qb2+ 32. Qd2 Qb1 33. a3 Qe4+
34. Kh3 Qf5+ 35. Kg2 Qe4+ 36. Kg1 g6 37. Qd3 Qb7 38. Rd7 Qc6 39. Rd6 Qc1+ 40.
Kg2 Kg7 41. Kh3 Rc8 42. Rd7 h4 43. Kg4 hxg3 44. Kg5 Qc2 45. hxg3 Qxd3 46. Rxd3
Rc7 47. g4 a5 48. Rd6 axb4 49. axb4 Rc4 50. Rd7 Rxb4 51. f5 gxf5 52. gxf5 Re4
53. f6+ Kg8 54. Rb7 b4 55. Kh5 b3 56. Rxb3 Kh7 57. Rb5 Rf4 58. Kg5 Rf5+ 59. Kg4
Kg6 60. Ra5 Rh5 61. Rb5 Rh8 62. Rb4 Rd8 63. Kf4 Rd1 64. Re4 Rf1+ 65. Kg4 Rg1+
66. Kf4 Kh5 67. Re2 Rg4+ 68. Kf3 Kg5 69. Rh2 Ra4 70. Rh7 Kf5 71. Rh5+ Kg6 72.
Rh8 Kg5 73. Ke3 Kf5 74. Rh5+ Kg6 75. Rh8 Rg4 76. Rf8 Kf5 77. Rxf7 Kxe5 78. Rg7
Re4+ 79. Kd3 Rf4 80. f7 Kd6 81. Ke3 Rf1 82. Ke4 Ke7 83. f8=Q+ Kxf8 84. Ra7 Rf7
85. Rxf7+ Kxf7 86. Ke5 Ke7 87. Ke4 Kf6 88. Kf4 e5+ 89. Ke4 Ke6 90. Ke3 Kf5 91.
Kf3 e4+ 92. Ke3 Ke5 93. Ke2 Kf4 94. Kf2 e3+ 95. Ke2 Ke4 96. Ke1 Kd4 97. Ke2 Ke4
98. Ke1 Kf3 99. Kf1 e2+ 100. Ke1 Ke3 1/2-1/2

[Event "USCL Week 3"]
[Site "Internet Chess Club"]
[Date "2014.09.10"]
[Round "?"]
[White "Guadalupe II, Francisco"]
[Black "Colas, Joshua"]
[Result "1-0"]
[WhiteElo "2351"]
[BlackElo "2400"]
[PlyCount "107"]
[EventDate "2014.??.??"]

1. e4 c5 2. Nf3 e6 3. d4 cxd4 4. Nxd4 a6 5. Bd3 Nc6 6. Nxc6 bxc6 7. c4 d5 8.
O-O Nf6 9. Nc3 d4 10. Ne2 c5 11. f4 Be7 12. Qa4+ Bd7 13. Qc2 Bc6 14. e5 Nd7 15.
Bxh7 Nb6 16. Bd3 Qc7 17. Ng3 Qb7 18. b3 Rd8 19. Qe2 Rh4 20. Bd2 Kd7 21. Be4
Rdh8 22. h3 f5 23. exf6 gxf6 24. Rae1 Bxe4 25. Nxe4 Qc6 26. Qf3 Nc8 27. Nxf6+
Bxf6 28. Qxc6+ Kxc6 29. Rxe6+ Nd6 30. Rxf6 Rg8 31. Re1 Kd7 32. Ree6 Ne8 33. Rg6
Rxg6 34. Rxg6 Nd6 35. Be1 Rh7 36. Rg5 Kc6 37. Re5 Rf7 38. b4 Nb7 39. f5 Kd6 40.
Rd5+ Kc6 41. g4 Re7 42. Kf1 Re3 43. h4 d3 44. bxc5 Re4 45. Rxd3 Rxg4 46. Bf2
Rf4 47. Rd5 Rxc4 48. Re5 Nd8 49. h5 Nf7 50. Re6+ Kd7 51. h6 Rf4 52. c6+ Kd8 53.
c7+ Kd7 54. Re7+ 1-0

[Event "USCL Week 5"]
[Site "Internet Chess Club"]
[Date "2014.09.23"]
[Round "?"]
[White "Bartell, Tom"]
[Black "Stukopin, Andrey"]
[Result "1-0"]
[WhiteElo "2448"]
[BlackElo "2631"]
[PlyCount "59"]
[EventDate "2014.??.??"]

1. d4 c5 2. d5 d6 3. e4 g6 4. c4 e6 5. Nc3 exd5 6. cxd5 Bg7 7. h3 a6 8. a4 Nd7
9. Nf3 Ne5 10. Nxe5 Bxe5 11. Bd3 Qh4 12. Be3 f5 13. exf5 Bxf5 14. Bxf5 gxf5 15.
O-O f4 16. Bxc5 Bxc3 17. Bxd6 Bf6 18. Re1+ Kf7 19. Rc1 Nh6 20. Rc7+ Kg6 21.
Qd3+ Nf5 22. Rc4 Rhe8 23. Rxe8 Rxe8 24. Rxf4 Qh5 25. g4 Qg5 26. Rxf5 Qc1+ 27.
Kg2 Kg7 28. Rxf6 Kxf6 29. Qf5+ Kg7 30. Qd7+ 1-0

[Event "USCL Week 5"]
[Site "Internet Chess Club"]
[Date "2014.09.23"]
[Round "?"]
[White "Schroer, Jonathan"]
[Black "Katz, Alexander"]
[Result "1/2-1/2"]
[WhiteElo "2426"]
[BlackElo "2380"]
[PlyCount "72"]
[EventDate "2014.??.??"]

1. d4 Nf6 2. c4 e6 3. Nf3 d5 4. Bg5 Bb4+ 5. Nc3 h6 6. Bxf6 Qxf6 7. e3 O-O 8.
Rc1 dxc4 9. Bxc4 c5 10. O-O cxd4 11. Nxd4 a6 12. Qb3 Qe7 13. Be2 Bxc3 14. Qxc3
e5 15. Nb3 Nc6 16. Nc5 Bf5 17. Nxb7 Qxb7 18. Qxc6 Qxb2 19. Bxa6 Qxa2 20. Bc4
Qa5 21. e4 Rac8 22. Qb7 Rc7 23. Qd5 Qxd5 24. Bxd5 Rxc1 25. Rxc1 Rc8 26. Rd1 Be6
27. Bxe6 fxe6 28. h4 Kf7 29. Rd7+ Kf6 30. h5 Re8 31. Ra7 Re7 32. Ra5 Kg5 33. g3
Kxh5 34. Rxe5+ Kg6 35. Kg2 Kf6 36. Ra5 Rb7 1/2-1/2

[Event "USCL Week 5"]
[Site "Internet Chess Club"]
[Date "2014.09.23"]
[Round "?"]
[White "Hernandez, Holden"]
[Black "Rubenchik, Rodion"]
[Result "0-1"]
[WhiteElo "2582"]
[BlackElo "2329"]
[PlyCount "62"]
[EventDate "2014.??.??"]

1. d4 d5 2. c4 e6 3. Nc3 c6 4. Nf3 dxc4 5. g3 b5 6. Bg2 Bb7 7. O-O Nd7 8. e4
Ngf6 9. Bg5 h6 10. Bxf6 Nxf6 11. Ne5 Be7 12. Qd2 O-O 13. a4 b4 14. Ne2 c5 15.
d5 exd5 16. exd5 Bxd5 17. Bxd5 Qxd5 18. Qxd5 Nxd5 19. Rad1 Nb6 20. a5 Bf6 21.
f4 Bxe5 22. fxe5 Na4 23. Rd2 Rfd8 24. Rc2 c3 25. b3 Nb2 26. Nxc3 bxc3 27. Rxc3
Nd3 28. Rd1 Nxe5 29. Rxd8+ Rxd8 30. Rxc5 f6 31. b4 a6 0-1

[Event "USCL Week 5"]
[Site "Internet Chess Club"]
[Date "2014.09.23"]
[Round "?"]
[White "Benjamin, Joel"]
[Black "Chumachenko, Andrey"]
[Result "1-0"]
[WhiteElo "2634"]
[BlackElo "2435"]
[PlyCount "101"]
[EventDate "2014.??.??"]

1. e4 c5 2. Nf3 Nc6 3. Bb5 g6 4. O-O Bg7 5. Re1 e5 6. b4 cxb4 7. a3 b3 8. cxb3
Nge7 9. Bb2 O-O 10. d4 exd4 11. Nxd4 Qb6 12. Nxc6 dxc6 13. Bxg7 Kxg7 14. Bc4
Be6 15. Bxe6 fxe6 16. Qc2 Rad8 17. Nc3 Qa5 18. b4 Qe5 19. Rad1 g5 20. Na4 Ng6
21. Nc5 Rxd1 22. Rxd1 Rf7 23. g3 b6 24. Nd7 Qc7 25. Qd2 c5 26. bxc5 bxc5 27.
Qc3+ e5 28. Nxc5 Qc8 29. Rd7 Qxd7 30. Nxd7 Rxd7 31. Qc8 Re7 32. Qg4 h6 33. Kf1
Nh8 34. h4 Nf7 35. h5 Rb7 36. Qc8 Re7 37. Qc6 Kf8 38. Ke2 Re8 39. Kf3 Re7 40.
Kg4 Kg7 41. Kf5 a5 42. Qg6+ Kf8 43. Kf6 Nd6 44. Qxh6+ Ke8 45. Qg6+ Kd7 46. Kxg5
Re6 47. Qg7+ Re7 48. h6 Ke8 49. Qg8+ Kd7 50. h7 Nxe4+ 51. Kg6 1-0

[Event "USCL Week 5"]
[Site "Internet Chess Club"]
[Date "2014.09.23"]
[Round "?"]
[White "Kore, Akshayraj"]
[Black "Hungaski, Robert"]
[Result "0-1"]
[WhiteElo "2543"]
[BlackElo "2551"]
[PlyCount "88"]
[EventDate "2014.??.??"]

1. e4 d5 2. exd5 Qxd5 3. Nc3 Qd6 4. g3 Nf6 5. Bg2 c6 6. Nf3 Bg4 7. O-O e6 8. h3
Bxf3 9. Qxf3 Nbd7 10. d3 Qc7 11. Qe2 Bc5 12. Rd1 O-O 13. d4 Bd6 14. Ne4 Nxe4
15. Qxe4 Rae8 16. Bg5 f5 17. Qd3 f4 18. Bxf4 Bxf4 19. gxf4 Rxf4 20. Rd2 Nf8 21.
Re1 Rd8 22. c3 Qf7 23. Rde2 Rf6 24. Qc4 Kh8 25. Qb3 Rd7 26. Qc4 Rd8 27. Qb3 Rd7
28. Qc4 Qg6 29. Re3 Rdf7 30. Qf1 Rf4 31. R1e2 R7f6 32. Qe1 Qf7 33. b4 h6 34. a4
R4f5 35. Re4 a5 36. R4e3 axb4 37. cxb4 Ng6 38. Rxe6 Nf4 39. Re8+ Kh7 40. Be4
Nxh3+ 41. Kh2 Qh5 42. Bxf5+ Rxf5 43. R2e3 Rxf2+ 44. Kg3 Qg5+ 0-1

[Event "USCL Week 5"]
[Site "Internet Chess Club"]
[Date "2014.09.23"]
[Round "?"]
[White "Herman, Matt"]
[Black "Barbosa, Oliver"]
[Result "1/2-1/2"]
[WhiteElo "2439"]
[BlackElo "2579"]
[PlyCount "69"]
[EventDate "2014.??.??"]

1. e4 e5 2. Nf3 Nc6 3. Bb5 Nf6 4. d3 d6 5. O-O Bd7 6. a4 g6 7. Nc3 Bg7 8. Ne2
O-O 9. Ng3 a6 10. Bc4 Na5 11. Ba2 c5 12. Bd2 Nc6 13. a5 h6 14. h3 Kh7 15. Nh2
Ne8 16. f4 exf4 17. Bxf4 Nb4 18. Bc4 Bxb2 19. Rb1 Bg7 20. Bd2 Qe7 21. c3 Nc6
22. Rxb7 Nxa5 23. Rxd7 Qxd7 24. Bd5 Ra7 25. Ng4 Nc6 26. Nf5 gxf5 27. Nxh6 Ne7
28. Nxf5 Nf6 29. Nxg7 Kxg7 30. Rxf6 Nxd5 31. Qh5 Nxf6 32. Qg5+ Kh7 33. Qh6+ Kg8
34. Qg5+ Kh7 35. Qh6+ 1/2-1/2

[Event "USCL Week 5"]
[Site "Internet Chess Club"]
[Date "2014.09.23"]
[Round "?"]
[White "Klein, Ethan"]
[Black "Mu, Joshua"]
[Result "1-0"]
[WhiteElo "2022"]
[BlackElo "2252"]
[PlyCount "163"]
[EventDate "2014.??.??"]

1. d4 Nf6 2. c4 g6 3. Nc3 d5 4. Bg5 Ne4 5. Bh4 Bg7 6. cxd5 Nxc3 7. bxc3 Qxd5 8.
e3 c5 9. Qf3 Qd8 10. Bb5+ Nd7 11. Ne2 O-O 12. O-O a6 13. Bxd7 Qxd7 14. Rab1
cxd4 15. cxd4 e5 16. Bf6 exd4 17. Bxg7 Kxg7 18. Nxd4 a5 19. Rb6 Qd8 20. Rfb1
Ra6 21. Rxa6 bxa6 22. h3 Qc7 23. Qc6 Qxc6 24. Nxc6 Be6 25. Nxa5 Bxa2 26. Rb6
Ra8 27. f3 Kf8 28. Kf2 Ke8 29. g4 Kd7 30. g5 Bd5 31. e4 Kc7 32. Rb4 Be6 33.
Rb7+ Kd6 34. h4 Ke5 35. Ke3 Rc8 36. f4+ Kd6 37. Kd4 Ba2 38. Rb6+ Kc7 39. Rxa6
Rd8+ 40. Kc5 Rd2 41. Ra7+ Kc8 42. Nc6 Be6 43. Ne5 Rf2 44. Nxf7 Rxf4 45. Nd6+
Kb8 46. Rb7+ Ka8 47. Rxh7 Rf1 48. Rg7 Rc1+ 49. Kd4 Rc6 50. Ke5 Bg4 51. Rxg6 Kb8
52. Kd5 Ra6 53. e5 Ra5+ 54. Kd4 Kc7 55. Rf6 Ra4+ 56. Ke3 Bh5 57. Ne4 Ra3+ 58.
Kd4 Rg3 59. e6 Rg4 60. Rh6 Be8 61. Ke5 Bc6 62. Nf6 Rg1 63. Rh7+ Kb6 64. Nd7+
Kb5 65. Kf6 Kc4 66. g6 Kd5 67. g7 Kd6 68. Kf7 Bd5 69. Nf8 Rf1+ 70. Kg8 Ke7 71.
Ng6+ Kxe6 72. Kh8 Kf6 73. Ne7 Bf7 74. g8=Q Bxg8 75. Kxg8 Ra1 76. Rf7+ Ke6 77.
h5 Rh1 78. Rh7 Kf6 79. h6 Rd1 80. Rf7+ Ke6 81. h7 Rg1+ 82. Rg7 1-0

[Event "USCL Week 5"]
[Site "Internet Chess Club"]
[Date "2014.09.23"]
[Round "?"]
[White "Enkhbat, Tegshsuren"]
[Black "Salimbagat, Rico"]
[Result "1/2-1/2"]
[WhiteElo "2450"]
[BlackElo "2259"]
[PlyCount "73"]
[EventDate "2014.??.??"]

1. d4 Nf6 2. c4 e6 3. g3 d5 4. Nf3 dxc4 5. Qa4+ Nbd7 6. Qxc4 c5 7. Bg2 Nb6 8.
Qd3 c4 9. Qc2 Bd7 10. O-O Bc6 11. Nbd2 Rc8 12. e4 Bb4 13. e5 Ba4 14. Qb1 Nfd5
15. Ne4 h6 16. Bd2 O-O 17. Qc1 Bxd2 18. Qxd2 c3 19. bxc3 Nc4 20. Qc1 Qa5 21.
Nfd2 Nxc3 22. Qxc3 Qxc3 23. Nxc3 Nxd2 24. Nxa4 Nxf1 25. Kxf1 Rc4 26. Nc5 Rxd4
27. Nxb7 Rc8 28. Nd6 Rc2 29. Rb1 f5 30. Kg1 Rdd2 31. Bf1 Rxf2 32. Bc4 Kh7 33.
Bxe6 Rg2+ 34. Kh1 Rxh2+ 35. Kg1 Rhg2+ 36. Kh1 Rh2+ 37. Kg1 1/2-1/2

[Event "USCL Week 5"]
[Site "Internet Chess Club"]
[Date "2014.09.23"]
[Round "?"]
[White "Winer, Steven"]
[Black "Guadalupe II, Francisco"]
[Result "0-1"]
[WhiteElo "2419"]
[BlackElo "2351"]
[PlyCount "74"]
[EventDate "2014.??.??"]

1. d4 d5 2. c4 e6 3. Nc3 Nf6 4. cxd5 exd5 5. Bg5 Be7 6. e3 c6 7. Qc2 Nbd7 8.
Bd3 O-O 9. Nge2 Re8 10. O-O Nf8 11. f3 g6 12. Rad1 Ne6 13. Bh4 b5 14. Kh1 Bd7
15. h3 Rc8 16. e4 b4 17. Na4 Qa5 18. Bxf6 Bxf6 19. e5 c5 20. exf6 c4 21. Bxg6
fxg6 22. Nc5 Nxc5 23. dxc5 Qxc5 24. Qd2 c3 25. bxc3 bxc3 26. Qh6 Qf8 27. Qxf8+
Kxf8 28. Nf4 c2 29. Rc1 d4 30. Rf2 g5 31. Nd5 d3 32. Rd2 Rb8 33. Nc3 Bf5 34. g4
Bg6 35. Kg2 Rec8 36. Ne4 Bxe4 37. fxe4 Rb1 0-1

[Event "USCL Week 5"]
[Site "Internet Chess Club"]
[Date "2014.09.23"]
[Round "?"]
[White "Colas, Joshua"]
[Black "Checa, Nicolas"]
[Result "0-1"]
[WhiteElo "2400"]
[BlackElo "2396"]
[PlyCount "152"]
[EventDate "2014.??.??"]

1. d4 d5 2. c4 e6 3. Nc3 Be7 4. cxd5 exd5 5. Bf4 c6 6. e3 Bf5 7. Bd3 Bxd3 8.
Qxd3 Nf6 9. h3 O-O 10. Nf3 Nbd7 11. O-O Re8 12. Rab1 a5 13. Nd2 a4 14. Rfc1 Bb4
15. b3 a3 16. Rc2 Qa5 17. Rbc1 Nb8 18. Bxb8 Raxb8 19. Na4 Nd7 20. Nf3 Ra8 21.
Qf5 Re7 22. Qd3 Nb8 23. Nc5 Bxc5 24. Rxc5 Qb6 25. Rxd5 Na6 26. Rh5 g6 27. Re5
Nb4 28. Qc4 Rd7 29. Ra1 Rd5 30. h4 Qb5 31. Rxd5 Nxd5 32. Ne5 Qxc4 33. Nxc4 b5
34. Ne5 Rc8 35. Nd3 Nc3 36. Kf1 Kf8 37. Ke1 Ke7 38. f3 Nd5 39. Kd2 f5 40. Rc1
h6 41. g3 g5 42. hxg5 hxg5 43. Rh1 Nf6 44. Nc5 Rd8 45. Kd3 Nd5 46. Rh7+ Kf6 47.
Rh6+ Kf7 48. Na6 Ra8 49. e4 Ne7 50. Nc5 Kg7 51. Re6 Kf7 52. Re5 Rh8 53. d5 cxd5
54. exd5 Rd8 55. Nb7 Rxd5+ 56. Rxd5 Nxd5 57. Nd6+ Ke6 58. Nxb5 Ke5 59. Nc3 Nb4+
60. Kc4 Nc2 61. b4 f4 62. gxf4+ gxf4 63. Kc5 Ne1 64. b5 Nd3+ 65. Kc6 Nb4+ 66.
Kc7 Kd4 67. Nb1 Nxa2 68. b6 Nb4 69. b7 Na6+ 70. Kb6 a2 71. Na3 Kd3 72. Kxa6
a1=Q 73. b8=Q Qxa3+ 74. Kb7 Qb2+ 75. Kc8 Qxb8+ 76. Kxb8 Ke2 0-1

[Event "USCL Week 5"]
[Site "Internet Chess Club"]
[Date "2014.09.23"]
[Round "?"]
[White "Shvartsman, Andrew"]
[Black "Bregadze, Levan"]
[Result "0-1"]
[WhiteElo "2432"]
[BlackElo "2530"]
[PlyCount "142"]
[EventDate "2014.??.??"]

1. e4 d6 2. d4 g6 3. Nc3 Bg7 4. Be3 c6 5. a4 d5 6. Nf3 dxe4 7. Nxe4 Nd7 8. Bc4
Ngf6 9. Nxf6+ Nxf6 10. O-O O-O 11. Qd2 Ne4 12. Qe2 Nd6 13. Bb3 Bg4 14. h3 Bxf3
15. Qxf3 Nf5 16. c3 Qb6 17. Qd1 e5 18. a5 Qb5 19. d5 Nxe3 20. fxe3 Qc5 21. dxc6
Qxe3+ 22. Kh1 bxc6 23. Bxf7+ Kh8 24. Qf3 Qxf3 25. Rxf3 e4 26. Rff1 Rab8 27.
Rae1 Rb7 28. Bc4 Rxf1+ 29. Bxf1 Rxb2 30. Rxe4 Bxc3 31. a6 Rb1 32. Kg1 Ba5 33.
g4 Kg7 34. Kg2 Kf6 35. h4 Rb2+ 36. Be2 Be1 37. h5 Bb4 38. hxg6 hxg6 39. Kf3 Bd6
40. Bc4 Kg5 41. Re6 Rd2 42. Be2 c5 43. Re4 Ra2 44. Re6 Ra3+ 45. Re3 Ra4 46. Re4
Ra2 47. Re6 Rd2 48. Re3 Rd4 49. Re4 Rd5 50. Re3 Bf4 51. Re4 Rd2 52. Bc4 Rc2 53.
Be2 Rc3+ 54. Kf2 Ra3 55. Kg2 Rg3+ 56. Kf2 Rb3 57. Kg2 Rb6 58. Re7 Bb8 59. Re4
Kf6 60. Bc4 Be5 61. Kf3 Bd4 62. Rf4+ Kg5 63. Rf7 Rb4 64. Be2 c4 65. Rc7 Rb3+
66. Kg2 c3 67. Bd3 Rb2+ 68. Kf3 Rf2+ 69. Kg3 Rd2 70. Be4 Be5+ 71. Kf3 Bxc7 0-1

[Event "USCL Week 5"]
[Site "Internet Chess Club"]
[Date "2014.09.23"]
[Round "?"]
[White "Wang, Qibiao"]
[Black "Kim, Yoon-Young"]
[Result "1-0"]
[WhiteElo "2320"]
[BlackElo "2116"]
[PlyCount "181"]
[EventDate "2014.??.??"]

1. e4 e5 2. Nf3 Nc6 3. Bb5 f5 4. Nc3 fxe4 5. Nxe4 Nf6 6. d3 d5 7. Nxf6+ Qxf6 8.
d4 e4 9. Ne5 Bb4+ 10. c3 O-O 11. Be3 Be7 12. Bxc6 bxc6 13. Qa4 c5 14. Nd7 Bxd7
15. Qxd7 Qd6 16. Qxd6 cxd6 17. O-O Rab8 18. b3 Rbc8 19. Rfd1 Rfd8 20. Rac1 Bf6
21. Kf1 h5 22. Ke2 Kf7 23. f3 exf3+ 24. Kxf3 c4 25. b4 Rb8 26. a4 a6 27. h3 h4
28. Bf4 Rb7 29. Re1 Rbd7 30. Re2 Rf8 31. Kg4 Re7 32. Rce1 Rd7 33. Bg5 Rh8 34.
Rf2 Kg6 35. Bxf6 gxf6 36. Re6 Rf8 37. Rf5 Rg7 38. Kf4 Kh7 39. Rh5+ Kg6 40. Rxd5
Kf7 41. Rdxd6 Rxg2 42. Rxf6+ Ke7 43. Rde6+ Kd7 44. Rxf8 Kxe6 45. Rh8 Rg3 46.
Rh6+ Kd5 47. Rh5+ Kd6 48. Rxh4 Rxc3 49. Ke4 Rb3 50. Rh6+ Kc7 51. Rxa6 Rxb4 52.
Kd5 Kb7 53. Ra5 Kb6 54. Rc5 Rxa4 55. Rxc4 Ra3 56. Rc6+ Kb7 57. Rh6 Ra5+ 58. Ke4
Kc7 59. h4 Kd7 60. Rh8 Ke7 61. h5 Kf6 62. Rf8+ Ke7 63. Rf5 Ra1 64. Rb5 Rh1 65.
Re5+ Kd6 66. Ra5 Rh4+ 67. Kd3 Rh1 68. h6 Rxh6 69. Ra6+ Kd5 70. Ra5+ Kd6 71. Kc4
Rh1 72. Ra6+ Kd7 73. Kc5 Rc1+ 74. Kd5 Rd1 75. Ra7+ Kd8 76. Kc5 Rc1+ 77. Kd6 Kc8
78. d5 Rh1 79. Ra8+ Kb7 80. Re8 Rh6+ 81. Kd7 Rh1 82. d6 Rd1 83. Re6 Rd2 84. Re1
Kb6 85. Rb1+ Kc5 86. Kc7 Ra2 87. d7 Ra7+ 88. Rb7 Ra6 89. d8=Q Rc6+ 90. Kb8 Kc4
91. Rc7 1-0

[Event "USCL Week 5"]
[Site "Internet Chess Club"]
[Date "2014.09.23"]
[Round "?"]
[White "Costigan, Richard"]
[Black "Nemcova, Katerina"]
[Result "1-0"]
[WhiteElo "2288"]
[BlackElo "2362"]
[PlyCount "67"]
[EventDate "2014.??.??"]

1. d4 Nf6 2. Bg5 d5 3. e3 c5 4. Nd2 Nc6 5. c3 Qb6 6. Qb3 Qxb3 7. axb3 Nd7 8.
Bb5 e5 9. Ngf3 e4 10. Ng1 a6 11. f3 exf3 12. Ngxf3 Bd6 13. e4 cxd4 14. exd5
Nce5 15. Ne4 Nxf3+ 16. gxf3 Be5 17. cxd4 Bc7 18. Ke2 f6 19. Bh4 Kd8 20. Bg3 Re8
21. d6 Bb8 22. Kd3 Ra7 23. Bc4 Nb6 24. Rhe1 Bf5 25. Kd2 Nd7 26. Nc5 Rxe1 27.
Rxe1 Nf8 28. Bd5 Bc8 29. d7 Nxd7 30. Ne6+ Ke7 31. Nxg7+ Kf8 32. Re8+ Kxg7 33.
Bxb8 Nxb8 34. Rxc8 1-0

[Event "USCL Week 5"]
[Site "Internet Chess Club"]
[Date "2014.09.23"]
[Round "?"]
[White "Serna, Jeffrey"]
[Black "Bryant, Todd"]
[Result "1-0"]
[WhiteElo "2074"]
[BlackElo "2201"]
[PlyCount "107"]
[EventDate "2014.??.??"]

1. e4 c5 2. Nf3 d6 3. d4 cxd4 4. Nxd4 Nf6 5. Nc3 g6 6. Be3 Bg7 7. Bc4 O-O 8.
Bb3 Ng4 9. Qd2 Nxe3 10. Qxe3 Nc6 11. Nde2 Bd7 12. O-O a6 13. h3 b5 14. a3 Na5
15. Rfd1 Nxb3 16. cxb3 Bc6 17. Rac1 e6 18. Qd3 Qh4 19. Qxd6 Bxe4 20. g3 Qh5 21.
g4 Qxh3 22. Nxe4 Qxg4+ 23. N4g3 h5 24. Qf4 Qxf4 25. Nxf4 Bh6 26. Nxg6 fxg6 27.
Rc6 Rae8 28. Rxa6 h4 29. Ne4 Rf4 30. Nc5 Rg4+ 31. Kh2 Rf8 32. Kh3 Rg5 33. Nxe6
Rf3+ 34. Kxh4 Rh5+ 35. Kg4 Rfh3 36. Ra8+ Kf7 37. Nd8+ Ke7 38. Nc6+ Ke6 39. Re8+
Kf7 40. Re7+ Kg8 41. Rd8+ Bf8 42. Ree8 R5h4+ 43. Kg5 Rh5+ 44. Kf6 Rf3+ 45. Ke6
Rxf2 46. Ne5 Rhf5 47. Rb8 Rf6+ 48. Kd5 R2f4 49. Re6 Rxe6 50. Kxe6 g5 51. Ng6
Rf2 52. Rxf8+ Rxf8 53. Nxf8 Kxf8 54. Kf5 1-0

[Event "USCL Week 5"]
[Site "Internet Chess Club"]
[Date "2014.09.23"]
[Round "?"]
[White "Ramachandran, Karthik"]
[Black "Kaden, Greg"]
[Result "1-0"]
[WhiteElo "2257"]
[BlackElo "2170"]
[PlyCount "101"]
[EventDate "2014.??.??"]

1. Nf3 g6 2. g3 Bg7 3. Bg2 e5 4. O-O Nc6 5. c4 d6 6. Nc3 Be6 7. d3 h6 8. Rb1
Qd7 9. Re1 f5 10. Bd2 Nge7 11. b4 O-O 12. b5 Nd8 13. Qc1 g5 14. h4 g4 15. Nh2
Kh7 16. a4 Ng6 17. Nd5 c6 18. Nb4 Rc8 19. Be3 d5 20. bxc6 bxc6 21. Bc5 a5 22.
Bxf8 Bxf8 23. Nc2 h5 24. Qd2 Qa7 25. cxd5 cxd5 26. e3 Nc6 27. Rb5 Qd7 28. Reb1
Rc7 29. d4 e4 30. Na1 Bb4 31. Qb2 Nge7 32. Nb3 Na7 33. Rxb4 axb4 34. Nc5 Rxc5
35. dxc5 Nac6 36. Bf1 d4 37. exd4 b3 38. Bb5 Qd5 39. Rd1 f4 40. Qd2 e3 41. fxe3
fxg3 42. Nf1 Qf3 43. Qe2 Bd5 44. Qxf3 Bxf3 45. Rb1 g2 46. Nd2 Bd5 47. e4 Bf7
48. d5 Ne5 49. Rxb3 N7g6 50. c6 Nxh4 51. c7 1-0

[Event "USCL Week 5"]
[Site "Internet Chess Club"]
[Date "2014.09.23"]
[Round "?"]
[White "Rozman, Levy"]
[Black "Ashland, Mark"]
[Result "1-0"]
[WhiteElo "2382"]
[BlackElo "2068"]
[PlyCount "109"]
[EventDate "2014.??.??"]

1. d4 Nf6 2. Bg5 Ne4 3. Bf4 c5 4. d5 Qb6 5. Nd2 Qxb2 6. Nxe4 Qb4+ 7. c3 Qxe4 8.
e3 g6 9. Nf3 Bg7 10. Rc1 O-O 11. c4 Qf5 12. Bg5 e5 13. Be7 Re8 14. Nh4 Qh5 15.
Qxh5 gxh5 16. Bxc5 b6 17. Ba3 Bb7 18. Nf5 Bf8 19. Bxf8 Rxf8 20. Be2 Na6 21. h4
Nc5 22. Rh3 Kh8 23. Kf1 Ne4 24. f3 Nf6 25. Nd6 Ba6 26. Rg3 Ne8 27. Nf5 Rg8 28.
Rxg8+ Kxg8 29. c5 Bxe2+ 30. Kxe2 bxc5 31. Rxc5 f6 32. Rb5 Nc7 33. Rc5 Ne8 34.
e4 Rb8 35. Ra5 Rb7 36. Ra6 Kf7 37. Kd3 Rc7 38. Ra4 Rb7 39. Kc3 Rc7+ 40. Rc4 Rb7
41. Rc8 Rb1 42. Rd8 Rb7 43. Kd3 Rc7 44. a4 Ng7 45. Rc8 Ne8 46. Rd8 Ng7 47. Nh6+
Kg6 48. Rf8 Rb7 49. Ng8 Rb6 50. a5 Ra6 51. Kc4 h6 52. Kb5 Rd6 53. Ne7+ Kh7 54.
Rf7 a6+ 55. Kc5 1-0

[Event "USCL Week 5"]
[Site "Internet Chess Club"]
[Date "2014.09.23"]
[Round "?"]
[White "Xiong, Jeffery"]
[Black "Brattain, Mika"]
[Result "1/2-1/2"]
[WhiteElo "2542"]
[BlackElo "2453"]
[PlyCount "160"]
[EventDate "2014.??.??"]

1. e4 c6 2. c4 d5 3. cxd5 cxd5 4. exd5 Nf6 5. Qa4+ Nbd7 6. Nc3 g6 7. Nf3 Bg7 8.
Bc4 O-O 9. d3 a6 10. Qa3 b6 11. O-O Bb7 12. Re1 Re8 13. Ng5 b5 14. Bb3 Rc8 15.
d6 e6 16. Nge4 Nd5 17. Bg5 Qb6 18. Nxd5 exd5 19. Be3 Bd4 20. Bxd4 Qxd4 21. Ng3
Ne5 22. Qa5 Rcd8 23. Qc7 Bc8 24. Re3 Ng4 25. Rxe8+ Rxe8 26. Rf1 Nf6 27. Ne4 Be6
28. Nxf6+ Qxf6 29. Re1 Rd8 30. h3 Rd7 31. Qc6 Kg7 32. Bxd5 Bf5 33. Re8 Rxd6 34.
Qc5 Bxd3 35. Re3 Bc4 36. Bxc4 Rc6 37. Qd5 Rxc4 38. Rf3 Qe6 39. Qxe6 fxe6 40.
Ra3 Rc6 41. Ra5 Kf6 42. Kh2 e5 43. b4 Ke6 44. a4 bxa4 45. Rxa4 Kd5 46. Ra5+ Kc4
47. Rxe5 Kxb4 48. Re7 h5 49. Rb7+ Kc5 50. h4 a5 51. Kg3 a4 52. Ra7 Kb5 53. Kf4
Ra6 54. Rb7+ Rb6 55. Ra7 Ra6 56. Rb7+ Kc4 57. Rc7+ Kd3 58. Kg5 a3 59. Rc1 a2
60. Ra1 Kc3 61. f3 Kb2 62. Rg1 a1=Q 63. Rxa1 Kxa1 64. g4 Kb2 65. gxh5 gxh5 66.
Kxh5 Kc3 67. Kg5 Kd4 68. h5 Ra5+ 69. Kg6 Ke5 70. h6 Ra6+ 71. Kg7 Ra7+ 72. Kg6
Ra6+ 73. Kg7 Kf5 74. h7 Ra7+ 75. Kh6 Ra6+ 76. Kg7 Rg6+ 77. Kf7 Rf6+ 78. Kg7
Rg6+ 79. Kf7 Rf6+ 80. Kg7 Rg6+ 1/2-1/2